| 000 | 01349nas a2200265 a 4500 | ||
|---|---|---|---|
| 003 | AM-YeHGA | ||
| 005 | 20250617154323.0 | ||
| 008 | 180321d19471964ru |||p|r|||||00||||rus|| | ||
| 040 | _aAM-YeHGA | ||
| 041 | 0 | _arus | |
| 245 | 0 | 0 |
_aЗемля родная : _bЛитературно-художественный альманах / _cОрган Пензенского отделения Союза писателей РСФСР и Областного отделения со-за журналистов СССР. |
| 260 |
_aПенза : _bПензенское областное издательство, _c1947- . |
||
| 300 |
_aкнига ; _c32 см. |
||
| 310 | _aВыходит 4 раза в год. | ||
| 362 | _a# 1 (1947) - (1964) | ||
| 500 | _aРедколлегия: М. Родионов (гл. ред.), А. Анисимова, З. Гусева, Н. Страхов, А. Цветков. | ||
| 505 | 1 | 0 | _gКн. 12 (1955, 244 с., ил.) |
| 650 | 0 | 4 | _aԱմսագիր |
| 650 | 1 | 4 |
_aХудожественная литература _vАльманах |
| 650 | 1 | 4 | _aРусская литература |
| 710 | 2 |
_aСоюз писателей РСФСР _bПензенское отделение |
|
| 710 | 2 |
_aСоюза журналистов СССР _bОбластное отделение |
|
| 942 |
_2udc _cCR |
||
| 090 | _c411654 | ||
| 999 |
_c409367 _d409367 |
||